000 00353nam a2200133Ia 4500
008 240624s9999 xx 000 0 und d
041 _aeng
082 _a650.071 DAT
100 _aDATAR SRIKANT M
245 _aRETHINKING THE MBA BUSINESS EDUCATION AT
260 _c2010
_aBoston
_bHarvard Business School Press
300 _a376 : p.
365 _cRS
_b30
999 _c15172
_d15172